<?xml version="1.0" encoding="UTF-8"?>
<marc:record xmlns:marc="http://www.loc.gov/MARC21/slim">
   <marc:leader>00000nam a2200000 a 4500</marc:leader>
   <marc:datafield ind1="1" ind2=" " tag="100">
      <marc:subfield code="a">Wake, Jules</marc:subfield>
      <marc:subfield code="4">aut</marc:subfield>
      <marc:subfield code="e">Verfasser/-in</marc:subfield>
   </marc:datafield>
   <marc:datafield ind1=" " ind2=" " tag="653">
      <marc:subfield code="a">DR</marc:subfield>
   </marc:datafield>
   <marc:datafield ind1=" " ind2=" " tag="653">
      <marc:subfield code="a">Humor</marc:subfield>
   </marc:datafield>
   <marc:datafield ind1=" " ind2=" " tag="653">
      <marc:subfield code="a">Liebe</marc:subfield>
   </marc:datafield>
   <marc:datafield ind1=" " ind2=" " tag="653">
      <marc:subfield code="a">Neue Frau</marc:subfield>
   </marc:datafield>
   <marc:datafield ind1=" " ind2=" " tag="653">
      <marc:subfield code="a">Roman</marc:subfield>
   </marc:datafield>
   <marc:datafield ind1="0" ind2="0" tag="245">
      <marc:subfield code="a">Notting Hill im Schnee</marc:subfield>
   </marc:datafield>
   <marc:datafield ind1="0" ind2="0" tag="245">
      <marc:subfield code="b">Roman.</marc:subfield>
   </marc:datafield>
   <marc:datafield ind1="0" ind2="0" tag="245">
      <marc:subfield code="c">Wake, Jules</marc:subfield>
   </marc:datafield>
   <marc:datafield ind1="1" ind2=" " tag="520">
      <marc:subfield code="a">Bratschistin Viola Smith kann es kaum fassen: Erst wird sie von der Londoner Oper an eine Grundschule in Notting Hill abkommandiert, um als Vertretung einer erkrankten Lehrerin das dortige Krippenspiel zu leiten. Und dann soll ihr auch noch ein Anwalt dabei helfen, die Horde quirliger Grundschüler zu bändigen. Dabei hatte Viola sich nach ihrer letzten bösen Erfahrung in Sachen Liebe geschworen, dass nie wieder ein Anwalt auch nur in ihre Nähe kommt!&#xD;
Dummerweise ist Nate Williams nicht nur ausgesprochen attraktiv, sondern auch der Vater der kleinen Hauptdarstellerin ... (Verlagstext)</marc:subfield>
   </marc:datafield>
   <marc:datafield ind1=" " ind2=" " tag="020">
      <marc:subfield code="a">9783426527016</marc:subfield>
      <marc:subfield code="9">9783426527016</marc:subfield>
   </marc:datafield>
   <marc:datafield ind1=" " ind2=" " tag="020">
      <marc:subfield code="a">3426527014</marc:subfield>
      <marc:subfield code="9">3426527014</marc:subfield>
   </marc:datafield>
</marc:record>
